Детское творчество с разными материалами (Запись № 10534870)

Подробности
000 -МАРКЕР
контрольное поле 03288nam0a2200373 i 4500
001 - ИДЕНТИФИКАТОР ЗАПИСИ
контрольное поле RU\NLR\BIBL_A\010887667
005 - ИДЕНТИФИКАТОР ВЕРСИИ
контрольное поле 20260405120931.0
010 ## - МЕЖДУНАРОДНЫЙ СТАНДАРТНЫЙ НОМЕР КНИГИ (ISBN)
Номер (ISBN) 9785959202002
Тираж 500
021 ## - НОМЕР ГОСУДАРСТВЕННОЙ РЕГИСТРАЦИИ
Код страны Российская Федерация
Номер 2015-81202
Номер Листа государственной регистраци 4933
035 ## - ДРУГИЕ СИСТЕМНЫЕ НОМЕРА
Идентификатор записи (NLR Aleph) 010887667
100 ## - ДАННЫЕ ОБЩЕЙ ОБРАБОТКИ
Данные общей обработки 20151112d2014 k y0rusy50 ca
101 0# - ЯЗЫК РЕСУРСА
Язык текста, звукозаписи и т.д. русский
102 ## - СТРАНА ПУБЛИКАЦИИ ИЛИ ПРОИЗВОДСТВА
Страна публикации Российская Федерация
105 ## - ПОЛЕ КОДИРОВАННЫХ ДАННЫХ: ТЕКСТОВЫЕ МАТЕРИАЛЫ, МОНОГРАФИЧЕСКИЕ
Кодированные данные о монографическом текстовом документе |||z|||101
200 1# - ЗАГЛАВИЕ И СВЕДЕНИЯ ОБ ОТВЕТСТВЕННОСТИ
Основное заглавие Детское творчество с разными материалами
Сведения, относящиеся к заглавию материалы III городской выставки методической продукции [и семинара "Проблемы и перспективы развития учебно-исследовательской и экспериментальной деятельности в отделах ИЗО и ДПИ системы дополнительного образования детей", проходивших в рамках фестиваля], Санкт-Петербург, 6-19 февраля 2013
Первые сведения об ответственности Ежегод. город. фестиваль "Дорога творчества - 2013"
Последующие сведения об ответственности [редкол.: О. Л. Некрасова-Каратеева (общ. ред.)...А. В. Соболева ред.-сост.]
210 ## - ПУБЛИКАЦИЯ, РАСПРОСТРАНЕНИЕ И ДР.
Место издания, распространения и т.д. Санкт-Петербург
Имя издателя, распространителя и т. д. Экспресс
Дата издания, распространения и т.д. 2014
215 ## - ФИЗИЧЕСКАЯ ХАРАКТЕРИСТИКА
Специфическое обозначение материала и объем 107 с.
Другие сведения о физической характеристике ил.
Размеры 21
300 ## - ОБЩИЕ ПРИМЕЧАНИЯ
Текст примечания В надзаг.: Ком. по образованию Правительства Санкт-Петербурга, ГБОУ ЦО "С.-Петерб. гор. дворец творчества юных"
320 ## - ПРИМЕЧАНИЯ О НАЛИЧИИ В ДОКУМЕНТЕ БИБЛИОГРАФИИ / УКАЗАТЕЛЯ
Текст примечания Алф. указ.: с. 103
606 1# - НАИМЕНОВАНИЕ ТЕМЫ КАК ПРЕДМЕТ
Наименование темы Детское художественное творчество
Формальный подзаголовок Съезды, совещания и т.п
Географический подзаголовок Санкт-Петербург, город
Системный номер авторитетной/нормативной записи 2268440
Идентификатор авторитетной/нормативной записи RU\NLR\AUTH\6601588989
675 ## - УНИВЕРСАЛЬНАЯ ДЕСЯТИЧНАЯ КЛАССИФИКАЦИЯ (UDC/УДК)
Индекс 374
686 1# - ИНДЕКСЫ ДРУГИХ КЛАССИФИКАЦИЙ
Индекс Ч421.385.35я431
702 #1 - ИМЯ ЛИЦА - ВТОРИЧНАЯ ОТВЕТСТВЕННОСТЬ
Код отношения Редактор
Материалы, к которым относится поле rus
Графика поля Кириллица
Начальный элемент ввода Некрасова-Каратеева
Часть имени, кроме начального элемента ввода О. Л.
Расширение инициалов личного имени Ольга Леонидовна
Идентификатор авторитетной/нормативной записи RU\NLR\AUTH\7747026
Системный номер авторитетной/нормативной записи 29961
702 #1 - ИМЯ ЛИЦА - ВТОРИЧНАЯ ОТВЕТСТВЕННОСТЬ
Код отношения Редактор
Графика поля Кириллица
Материалы, к которым относится поле rus
Начальный элемент ввода Соболева
Часть имени, кроме начального элемента ввода А. В.
Дополнения к именам, кроме дат педагог, дет. творчество
Расширение инициалов личного имени Анна Валерьевна
Системный номер авторитетной/нормативной записи 153791
Идентификатор авторитетной/нормативной записи RU\NLR\AUTH\770153829
711 12 - НАИМЕНОВАНИЕ ОРГАНИЗАЦИИ - АЛЬТЕРНАТИВНАЯ ОТВЕТСТВЕННОСТЬ
Начальный элемент ввода "Детское творчество с разными материалами", городская выставка методической продукции
Порядковый номер временной организации и / или порядковый номер ее части 3
Место проведения временной организации Санкт-Петербург
Дата проведения временной организации 2013
Системный номер авторитетной/нормативной записи 491100
Идентификатор авторитетной/нормативной записи RU\NLR\AUTH\880412907
711 12 - НАИМЕНОВАНИЕ ОРГАНИЗАЦИИ - АЛЬТЕРНАТИВНАЯ ОТВЕТСТВЕННОСТЬ
Начальный элемент ввода "Проблемы и перспективы развития учебно-исследовательской и экспериментальной деятельности в отделах ИЗО и ДПИ системы дополнительного образования детей", семинар
Место проведения временной организации Санкт-Петербург
Дата проведения временной организации 2013
Системный номер авторитетной/нормативной записи 491104
Идентификатор авторитетной/нормативной записи RU\NLR\AUTH\880412909
711 12 - НАИМЕНОВАНИЕ ОРГАНИЗАЦИИ - АЛЬТЕРНАТИВНАЯ ОТВЕТСТВЕННОСТЬ
Начальный элемент ввода "Дорога творчества - 2013", городской фестиваль
Место проведения временной организации Санкт-Петербург
Системный номер авторитетной/нормативной записи 491110
Идентификатор авторитетной/нормативной записи RU\NLR\AUTH\880412912
801 #0 - ИСТОЧНИК ЗАПИСИ
Страна Российская Федерация
Организация РГБ
Дата составления 20151020
Правила каталогизации RCR
801 #2 - ИСТОЧНИК ЗАПИСИ
Страна Российская Федерация
Организация РГБ
Дата составления 20151026
Правила каталогизации rcr
942 ## - ДОПОЛНИТЕЛЬНЫЕ ЭЛЕМЕНТЫ ЗАПИСИ (АБИС)
Тип экземпляра АБИС Книга
980 ## - КОЛЛЕКЦИЯ
Название коллекции НБР

Нет доступных экземпляров.